| 000 | 00382nam a22001457a 4500 | ||
|---|---|---|---|
| 008 | 200316b ||||| |||| 00| 0 eng d | ||
| 082 | _a543.5 SHE | ||
| 100 | _aSHARMA, Y.R | ||
| 245 | _aElementary Organic Spectroscopy | ||
| 250 | _a5th rev | ||
| 260 |
_aNew Delhi _bS.Chand & Company _c2018 |
||
| 300 | _axiii,369 | ||
| 650 | _aPHARMACEUTICS ORGANIC CHEMISTRY-I | ||
| 942 |
_2ddc _cBK |
||
| 999 |
_c8530 _d8530 |
||